000 00335 a2200121 4500
001 ART_17537
005 20260410161750.0
008 260409a
245 1 0 _aYour Gut Still not Smarterthan your Head
100 1 _aClancy, Kevin
700 1 _aKrieg, Peter
773 0 _tBook Summary
_g- NÂș 11 (ene. 2008)
_wREV4099
999 _c19593
_d19593